Experimentálne meranie charakteristík snehovej pokrývky v horskom povodí

Gespeichert in:
Bibliographische Detailangaben
1. Verfasser: Lajda, Daniel (Verfasst von)
Weitere Verfasser: Danáčová, Michaela (Betreuung Doktorarbeit)
Format: Manuskript Buch
Sprache:Slowakisch
Veröffentlicht: 2016
Schlagworte:
Online-Zugang:http://is.stuba.sk/zp/portal_zp.pl?podrobnosti=107883
https://opac.crzp.sk/?fn=detailBiblioForm&sid=B0ECE52FE577B8B958C964E96922
Tags: Tag hinzufügen
Keine Tags, Fügen Sie das erste Tag hinzu!

MARC

LEADER 00000ntm a22000003a 4500
001 stuzp56838
003 SK-STU
005 20230623135846.4
007 ta
008 150427s2015----xo-----f-mn---000-0-slo-d
040 |a STU  |b slo 
041 0 |a slo 
100 1 |a Lajda, Daniel  |u 010160  |4 aut  |U SvF Stavebná fakulta  |T SvF Katedra vodného hospodárstva krajiny  |X 62667  |U V160  |Y 16  |7 62667 
242 0 1 |a Experimental determination of characteristics snow cover in mountainous watershed  |y eng 
245 1 0 |a Experimentálne meranie charakteristík snehovej pokrývky v horskom povodí 
260 |c 2016 
650 4 |a vodná hodnota snehu  |2 slo 
650 4 |a Jalovecký potok  |2 slo 
650 4 |a výška snehovej pokrývky  |2 slo 
650 4 |a snow water aquivalent  |2 eng 
650 4 |a snow depth  |2 eng 
650 4 |a Jalovec river basin  |2 eng 
700 1 |a Danáčová, Michaela  |u 010160  |k Z2  |4 ths  |U SvF Stavebná fakulta  |T SvF Katedra vodného hospodárstva krajiny  |X 10113  |U V160  |Y 16  |7 A000010113 
856 4 |u http://is.stuba.sk/zp/portal_zp.pl?podrobnosti=107883 
856 4 |u https://opac.crzp.sk/?fn=detailBiblioForm&sid=B0ECE52FE577B8B958C964E96922 
SQL |a stuzp56838  |b DBP  |c SLO  |d Experimentálne meranie charakteristík snehovej pokrývky v horskom povodí  |e 62667  |f Lajda, Daniel  |g 010160  |h 10113  |i Danáčová, Michaela  |j 20160621  |k 7  |l 01  |m http://is.stuba.sk/zp/portal_zp.pl?podrobnosti=107883  |n B-VSH  |o 5.1.6. vodné stavby, 6.4.1. vodné hospodárstvo